000 00659cam a22002172 4500
001 0000024877
005 20151217152306.0
008 140321s xx 000 0 eng d
020 _a14462007437 :
040 _aKABU
_cKABU
050 0 _aHA32
_b.A58 2013
100 1 _aAntonius, Richard.
_@0000149895
245 1 0 _aInterpreting quantitative data with IBM SPSS statistics.
250 _a2nd ed.
260 _aLondon :
_bSage,
_c2013.
300 _axxviii, 343 p.
650 0 _aSocial sciences
_xStatistical methods
_xComputer programs.
_@0000149896
852 1 _9p4350 KES
908 _a140321
950 _@1
999 _c10402
_d10402